000 01209nam a22002177a 4500
005 20210325191416.0
008 s2537 th tha d
041 _atha
090 _aว TC401.T66 พ533ง 2537 ล.2
245 1 0 _aงานศึกษาข้อมูลและศักยภาพการพัฒนาลุ่มน้ำโตนเลสาป รายงานสรุปสำหรับผู้บริหาร
260 3 _aกรุงเทพฯ :
_bสำนักงานคณะกรรมการพัฒนาการเศรษฐกิจและสังคมแห่งชาติ,
_c2537
300 _a30 หน้า :
_b ตาราง, แผนที่ ;
_c 29 ซม.
650 0 4 _aการพัฒนาลุ่มน้ำ -- ลุ่มน้ำโตนเลสาป -- วิจัย
650 0 4 _aการพัฒนาลุ่มน้ำ -- วิจัย
650 0 4 _aการพัฒนาแหล่งน้ำ -- วิจัย
650 0 4 _aลุ่มน้ำ -- วิจัย
850 _aNALT
942 _cRSH
997 _c000000000028351
_kVC
998 _aGENERAL
999 _c28351
_d28351